000 00794nam a2200265Ia 4500
003 OSt
005 20221005072946.0
006 a|||||r|||| 00| 0
007 ta
008 221004b |||||||| |||| 00| 0 eng d
020 _a8190382322 (hbk)
024 _a121264
037 _bGift, 18/09/2012,
_cTextual
040 _aCRL
_cCRL
_beng
041 _2eng
_aeng
082 _aV1N85.P1, Q0
100 _aSoz Saifuddin Ed.
245 0 _aSaarc
_b Emerging challenges
260 _aNew Delhi
_bFoundation for Peace and Sustainble Development India
_c2010
300 _a398p.
_ccm.
650 _aHISTORY
700 _a Srivastava R. N. Ed.
_9607606
942 _hV1N85.P1, Q0
_cTEXL
_2cc
999 _c980309
_d980309